| 000 | 00518pam a2200169 a 4500 | ||
|---|---|---|---|
| 005 | 20250901165214.0 | ||
| 008 | 921202s1993 maua b 001 0 eng | ||
| 010 | _a 92045605 | ||
| 020 | _a0534932770 (acidfree paper) | ||
| 050 | 0 | 0 |
_aQA76.7 .L68 1993 _b.L68 1993 |
| 082 | 0 | 0 |
_a005.13 _220 |
| 100 | 1 | _aLouden, Kenneth C. | |
| 245 | 1 | 0 |
_aProgramming languages : _bprinciples and practice / _cKenneth C. Louden. |
| 260 |
_aBoston : _bPWS-Kent Pub. Co., _cc1993. |
||
| 300 |
_axii, 641 p. : _bill. ; _c25 cm. |
||
| 942 | _2ddc | ||
| 999 |
_c303 _d303 |
||